000 00455nam a22001812 4500
001 0000003386
005 20170406114959.0
008 140611s xx 000 0 eng d
020 _c$
040 _aYour Holding Symbol
_cYour Holding Symbol
100 1 _aMurray,Gilbert.
245 1 4 _aThe frogs.
250 _a ed.
260 _alondon :
_bUniwin,
_c1908.
300 _a136 p. ;
_c cm.
650 0 _alinquistics.
908 _a140611
999 _c3264
_d3264